Регионална библиотека "Любен Каравелов" - Русе

Семейно и наследствено право (Запис номер 55709)

MARC детайли
000 -Лидер
Контролно поле с фиксирана дължина 01726nam a2200385 c 4500
003 - Код на организацията, давaща контролен номер
Контролно поле BLK
005 - Дата и час на последна редакция
Контролно поле 20250729155955.0
008 - Елементи от данни с фиксирана дължина
fixed length control field 180408b bul|||||r ||||||| ||bul||
010 ## - Наследен системен номер
LC control number KNG00059681000
020 ## - Международен стандартен номер на книга ISBN
Международен стандартен номер на книга ISBN 954-730-261-2
-- издат.: Сиби
040 ## - Източник на каталожния запис
Идентификатор на билиотеката - собственик на записа BLK
041 ## - Код за език
Код за езика на текст/звукозапис или на отделно заглавие Български
Код за езика КДБФ Български
080 ## - УДК
Текстов определител УДК Семейно право. Наследствено право. - Семейство, женитба, брак, права и задължения на съпрузите, разторгване на брак и др.
УДК код - определител по УДК 347.6
УДК определител (497.2)(075.8)
УДК - код + определител 347.6(497.2)(075.8)
100 1# - Редна дума - Автор
Автор Марков, Методи Марков
Авторска отговорност първи автор
R(LIN) 368911
139 ## - Редно поле
Редна дума Марков, Методи Марков
Авторски знак Марк - М 32
245 10 - Сведения за заглавието
Заглавие Семейно и наследствено право
Подзаглавни данни Помагало
Редно поле (дума) Методи Марков Марков.
250 ## - Област на изданието
Сведения за изданието 2. прераб. и доп. изд.
257 ## - Страна на издаване
Страна на създаване/издаване България
260 ## - Област на издателските данни
-- София
Име на издателя, разпространителя и проч. Сиби
Година на издаване 2005
Печатница София : Инвестпрес
300 ## - Физическа характеристика
Страници 216 с.
Размери/Мащаб 19 см
380 ## - Жанр
Жанр Обществени науки
490 1# - СЕРИИ (Колекции)
Име на серия Поредица Modus studendi : Преглед на изпитната материя
500 ## - Общи забележки
Забележка 1. изд. 2004. - Библиогр. след всяка гл.
650 #4 - Допълнително описание по предмет – тема
Основно описание – тема или топоним Лично и семейно право - България
9 (RLIN) 260589
650 #4 - Допълнително описание по предмет – тема
Основно описание – тема или топоним Наследствено право - България
9 (RLIN) 243212
653 ## - Ключова дума – ненормативна
Ключова дума семейно право
653 ## - Ключова дума – ненормативна
Ключова дума наследствено право
653 ## - Ключова дума – ненормативна
Ключова дума учебници за ВУЗ
852 ## - Местоположение
Форматна сигнатура Цб 227733
856 4# - Електронен адрес и достъп
Електронен формат pdf - файл
Път до файла /url/
856 4# - Електронен адрес и достъп
Електронен формат pdf - файл
Път до файла /url/
942 ## - АРТИКУЛИ
Вид на библиотечния материал Книги
Скрит в OPAC Не
Koha issues (borrowed), all copies 2
944 ## - СЪЗДАВАНЕ И РЕДАКЦИЯ на ЗАПИСА
Създаване/Редакция Създаване
Дата на регистрацията/редакция 31.05.2006
Служител, извършил регистрацията/редакцията 30535
Статус, дата на статуса Христина Везирева
944 ## - СЪЗДАВАНЕ И РЕДАКЦИЯ на ЗАПИСА
Създаване/Редакция Редакция
Дата на регистрацията/редакция 30.06.2006
Служител, извършил регистрацията/редакцията
999 ## - СИСТЕМНИ КОНТРОЛНИ НОМЕРА
Koha biblionumber 55709
Koha biblioitemnumber 55709
Наличности
Код за отписване Код за изгубен артикул Код за повреда Коз за рестрикции Код за отдаване Артикулен № Име на библиотеката - собственик Име на библиотеката, в която се намира в момента Статус (Текущо местоположение) Дата на вписване в системата Местоположение - отдел Цена в лева Инвентарен номер Систематично азбучна сигнатура Баркод Номер на екземпляра Цена в евро Служебна бележка Служебен тип на артикула
  Не е изгубен Не е повреден без рестрикции ползва се в читалня 87710 Регионална библиотека "Любен Каравелов" Русе Регионална библиотека "Любен Каравелов" Русе Читалня 2006-05-30 Читалня 6.90 120000702593 Ч 347/М 32 120000702593 1 3.53 Дост: Pk Вид: Ф N: 41136 Дата: 29.05.2006 Дата инв: 29.03.2017 Бележки инв: Ч2017 Книги
  Не е изгубен Не е повреден без рестрикции ползва се в читалня 87711 Регионална библиотека "Любен Каравелов" Русе Регионална библиотека "Любен Каравелов" Русе Хранилище 2006-06-23 Хранилище 6.90 120000703361 Цб 227733 120000703361 2 3.53 Дост: Dp Вид: Д N: 26 Дата: 15.06.2005 Книги
Vip Innovations Ltd, Rousse, Bulgaria 2025